| 000 | 00327nam a2200133 a 4500 | ||
|---|---|---|---|
| 001 | 5386 | ||
| 003 | CDMR | ||
| 005 | 20130116135307.0 | ||
| 008 | 130130s1999||||||||||||||||||||||||||||d | ||
| 040 |
_aCDMR _bcat _cCDMR |
||
| 245 | 0 | _aPablito, 30 anys d'imatges (1960-1990) | |
| 260 |
_aGirona _c1999 _bDiputació de Girona |
||
| 942 | _cMON | ||
| 999 |
_c5386 _d5386 |
||